000
00353nam a2200157Ia 4500
100
_a
Tremblay /J.P
250
_a
2
942
_c
BK
654
_a
datastructures
245
_a
Introduction to Datastructures with applications
260
_b
Tata Mc Graw hill Ltd.
_c
1984
082
_a
5.73
_b
TRE
300
_a
861
546
_a
ENGLISH
999
_c
33931
_d
33931